Loreto College Library, Kolkata
WEBOPAC (ONLINE PUBLIC ACCESS CATALOGUE)

The singular Anomaly (Record no. 22244)

MARC details
000 -LEADER
fixed length control field 00544nam a2200193Ia 4500
005 - DATE AND TIME OF LATEST TRANSACTION
control field 20230506112106.0
008 - FIXED-LENGTH DATA ELEMENTS--GENERAL INFORMATION
fixed length control field 131103s9999 xx 000 0 und d
020 ## - ISBN | অাই এস বি এন
ISBN | অাই এস বি এন 0 340 11863 6
PRICE P.B.G.4.40
040 ## - CATALOGING SOURCE
Original cataloging agency Loreto College
041 ## - LANGUAGE CODE
Language code English
082 ## - DDC | ডিউই
Classification number | বর্গসংখ্যা 823.809
Book Number | গ্রন্থাঙ্ক COL
100 ## - MAIN ENTRY--PERSONAL NAME | মুখ্য সংলেখ - ব্যাক্তিনাম
Personal name | ব্যাক্তিনাম colby, Vineta
245 #4 - TITLE STATEMENT | অাখ্যা বিবরণী
Title | অাখ্যা The singular Anomaly
Sub title | উপঅাখ্যা women novelists of the 19th cen.
Statement of responsibility | লেখকের দায়িত্বের বিবরণ Vineta Colby
260 ## - IMPRINT | প্রকাশনা ক্ষেত্র
Place of publication | প্রকাশ স্থান Newyork
Name of publisher | প্রকাশকের নাম Newyork University Press
Date of publication | প্রকাশ কাল 1970
300 ## - PHYSICAL DESCRIPTION |
Page / Vol. No | পৃষ্ঠা / খন্ড সংখ্যা 313p.
650 ## - SUBJECT ADDED ENTRY--TOPICAL TERM | বিষয় শিরোনাম - মূল বিষয়
Topical term | মূল বিষয় English fiction - criticism
850 ## - HOLDING INSTITUTION
Holding institution LCLIB
942 ## - ADDED ENTRY ELEMENTS (KOHA)
Koha item type Books
Holdings
Withdrawn status Lost status Source of classification Damaged status Not for loan Home library Current library Date acquired Total Checkouts Full call number Accession No. Date last seen Price effective from Koha item type Coded location qualifier
    Dewey Decimal Classification     Loreto College Loreto College 04/11/2013   823.809 COL 21064 B24591 04/11/2013 04/11/2013 Books